| 000 | 00796nam a22002657a 4500 | ||
|---|---|---|---|
| 003 | CHAP | ||
| 005 | 20220329140426.0 | ||
| 008 | 971013s r 00010 d | ||
| 010 | _a51780 | ||
| 011 | _a52752 | ||
| 035 | _a56902 | ||
| 040 | _cCHAP | ||
| 090 | _aR-2610 | ||
| 100 | 0 | 0 |
_aRollings, M. J. _999456 |
| 245 | _aAspects of the dried fish trade in Nigeria with particular reference to lake chad | ||
| 500 | _aSobretiro de : Tropicla Stored Product. Inf. 5 : 162-167 | ||
| 590 |
_aBATCH-UPD _b10 _c20130110 _lUCH01 _h0828 |
||
| 590 |
_aCONVERSION _b10 _c20130109 _lUCH01 _h1328 |
||
| 650 | 1 | 4 |
_aPescado seco. _987472 |
| 650 | 1 | 4 |
_aPescado _xMercadeo. _987450 |
| 700 | 0 |
_aHayward, L. A. W. _953220 |
|
| 901 | _aBK | ||
| 942 | _cREIMP | ||
| 949 |
_aR-2610 _bBC _cR _d-124053 _eTS1 _i56902 _si |
||
| 999 |
_c51780 _d51780 |
||